Riconosci il Pokémon - Quiz n°342 - Statistics

Statistiche generali
  • Questo quiz è stato fatto 1 volte
  • Il punteggio medio è 9 su 10
Statistiche sulle risposte
Indizio Risposta % Corretto
Altezza 1,5 m
100%
Tasso di cattura 45 (11.9%)
100%
Sesso 50% ♂, 50% ♀
100%
Peso 96,3 kg
100%
Tasso di allevamento Medio-Lento
100%
Abilità Prepotenza; Arroganza; Grancollera
100%
Generazione Quinta
100%
Stadio evoluzione Seconda evoluzione
100%
Tipo Terra / Buio
100%
Pokémon Krookodile
0%
Nessun quiz corrispondente trovato
Distribuzione punteggi
Percentuale di utenti per punteggio
Percentile per numero di risposta
I tuoi punteggi nel tempo
Non hai fatto questo quiz